00679cam a2200205 a 450000100100000000500170001000800410002703500190006804000230008705000170011008200140012710000370014124500760017826000370025430000360029149000220032750400590034965100420040883000230045000001433320200929163558.0780426s1970 ve af b 000 0 spa  a(DLC) 78345025 aDO-SdBNPcDLCdDLC00aHC237b.V463 aNNbV455s1 aVenegas Filardo, Pascual,d1911-10aSiete ensayos sobre economÍa de Venezuela /cPascual Venegas Filardo. aCaracas :bMonte Ávila,c1970. a141 p. :bil., retrs. ;c24 cm.1 aTemas venezolanos aIncluye bibliografía y notas al pie de las páginas 0aVenezuelaxEconomic Conditionsy1958- 0aTemas venezolanos.